Management of soil resources to meet the challenges of the future (Record no. 62448)

MARC details
000 -LEADER
fixed length control field 00393nam a2200133Ia 4500
100 ## - MAIN ENTRY--AUTHOR NAME
Personal name Yogaratnam N
245 #0 - TITLE STATEMENT
Title Management of soil resources to meet the challenges of the future
260 ## - PUBLICATION, DISTRIBUTION, ETC. (IMPRINT)
Name of publisher Rubber Research Institute of Sri Lanka Bulletin
Year of publication 1985
300 ## - PHYSICAL DESCRIPTION
Number of Pages 29-31
650 ## - SUBJECT ADDED ENTRY--TOPICAL TERM
Topical Term Soil management
650 ## - SUBJECT ADDED ENTRY--TOPICAL TERM
Topical Term Soil resources
942 ## - ADDED ENTRY ELEMENTS (KOHA)
Koha item type Journals
Holdings
Withdrawn status Lost status Damaged status Not for loan Home library Current library Shelving location Date acquired Serial Enumeration / chronology Koha item type
      Journals RRII Library RRII Library Soils and agonomy 17/12/2021 Volume 20, Issue Journals